| 000 | 01122nam a22002657a 4500 | ||
|---|---|---|---|
| 001 | 22135 | ||
| 005 | 20260331113728.0 | ||
| 008 | 260325b |||||||| |||| 00| 0 spa d | ||
| 020 | _a9781009275187 | ||
| 041 | _aING | ||
| 082 |
_a421.071 _bC24I |
||
| 100 | _a, | ||
| 110 | _aCambridge University Press & Assessment | ||
| 245 |
_aIELTS 18 Academic : _bwith answers: authentic practice tests |
||
| 250 | _aPrimera edición | ||
| 260 |
_aCambridge : _bCambridge University Press & Assessment, _c2023 |
||
| 300 |
_a142 páginas : _bilustraciones, gráficos ; _c24 cm. |
||
| 440 | _a ; | ||
| 650 | _aLEN | ||
| 653 | _aSistema de escritura inglés y fonología | ||
| 654 | _aCTP | ||
| 700 | _a; | ||
| 856 |
_uhttps://0u20fude3-y-https-research-ebsco-com.itmsp.museknowledge.com/c/qxo6us/search/results?q=IETLS&autocorrect=y&db=nlebk%2Ce000sww%2Ce000xww%2Ce020mww%2Ce230xww%2Ce250xww%2Ce095mww&expanders=concept&limiters=None&searchMode=boolean&searchSegment=all-results&skipResultsFetch=true&sqId=sq%3Acbb5328c-0468-442a-b8ae-a996576c5a1c _zVéase además: Base de datos EBSCOhost |
||
| 942 |
_cLIB _dJUS _fMIP _n0 _2ddc |
||
| 999 |
_c22135 _d22135 |
||